1595 1628 1880 1112 1345 1720 1164 1973 1350 1314 1141 1992 1268 1471 1656 1115 1032 1034 1429 1021 1389 1723 1509 1683 1896 1441 1658 1137 1375 1833 1650 1283 1693 1594 1464 1896 1357 1405 1313 1724 1085 1245 1598 1669 1991 1005 1451 1322 1606 1265 1532 1922 1779 1754 1415 1301 1643 1244 1930 1214 1416 1560 1507 1010 1799 1183 1435 1218 1432 1307 1449 1349 1155 1333 1507 1004 1766 1790 1448 1386 1074 1577 1675 1724 1767 1955 1640 1308 1898 1881 1188 1327 1451 1226 1916 1145 1182 1500 1516 BCNSPRNW ULIB Ver.6.0+V

เปลี่ยนเป็นภาษาไทย

Change to English
 แสดงรายละเอียดบรรณานุกรม
  กลับหน้าหลัก

Brief Record : Get Marc (ISO 2709) : E-mail record : QR code < ปิดหน้าต่าง
LEADER : 00000nam 2200000uu 4500
001    13399114985
003     ULIB
008    120627s2009||||th 000 0 tha d
020    ^a0131461230 (pbk.)
020    ^a0321170288
060 04 ^aQS17^bM386m 2009
100 1  ^aMartini, Frederic
245 10 ^aMartini is atlas of the human body /^cby Frederic H.
246 30 ^aAtlas of the human body
260    ^aSan Franncisco :^bBenjamin Cummings,^c2009
300    ^aiv, 123 p. :^bcol. ill. ;^c28 cm. +^e1 computer optical
500    ^aTo accompany: Fundamentals of anatomy and physiology, 6th
500    ^aSend to Single Search
650  2 ^aAnatomy^vatlases
650  2 ^aPhysiology^vatlases
700 1  ^aOber, William C.
730 0  ^aFundamentals of anatomy and physiology
730 0  ^a3-D anatomy CD-ROM version 1.0
945    ^p0^l0^i17650
995    ^aKanchaphon
999 ^a ใช้งานได้ทุกระบบ
รายการนี้ยังไม่มีแท็ก
คุณยังไม่ได้ล็อกอิน คุณสามารถมีกิจกรรมร่วมกับเว็บไซต์ได้ แต่ต้องล็อกอินก่อน ::
  ล็อกอิน

รายการสื่อสารสนเทศ

ลำดับที่ ประเภท เลขเรียก/บาร์โค้ด สถานที่ สถานะ
- ไม่พบข้อมูล -

รายการใกล้เคียง
    ผู้แต่ง [Martini, Frederic]

    หัวเรื่อง [Anatomy atlases]

BibComment


ยังไม่เคยถูกคอมเมนท์

คอมเมนท์ทรัพยากรรายการนี้
  คอมเมนท์: Martini is atlas..


 Copyright 2026. Bcnsprnw @Library